Kumpulan sajak : bara 'panas' PRU-14

Main Author: Mohd. Azmi Harun (Author)
Published: Batu Caves, Selangor: PTS Fast Publish Services Sdn. Bhd, 2023
Subjects:
LEADER 00785cam a2200241 7i4500
001 0000152916
005 20230327090000.0
008 230327t20232023my # ### #00001may##
020 # # |a 9789674014506  
040 # # |a UMT   |b eng   |c UMT   |d PNM   |e rda 
090 0 0 |a PL 5136   |b .M65 2023 
100 0 # |a Mohd. Azmi Harun   |e author  
245 1 0 |a Kumpulan sajak :   |b bara 'panas' PRU-14   |c Mohd. Azmi Harun. 
264 # 4 |c ♭2023 
264 # 1 |a Batu Caves, Selangor:   |b PTS Fast Publish Services Sdn. Bhd,   |c 2023 
300 # # |a 62 pages;   |c 21 cm 
336 # # |a text --   |2 rdacontent 
337 # # |a unmediated --   |2 rdamedia 
338 # # |a volume --   |2 rdacarrier 
590 # # |a Perpustakaan Sultanah Nur Zahirah  
650 # 0 |a Malay poetry  
650 # 0 |a Poetry  
999 |a 1100113998  |b Book  |c Open Shelf  |e KOLEKSI TERBUKA